000 00469nam a2200181Ia 4500
005 20260122095425.0
008 260121s9999||||xx |||||||||||||| ||und||
020 _a9781284125115
082 _a613
_bHAY
100 _aHayden, Joanna
245 0 _aHealth behaviour theory /
250 _a3 ed.
260 _aBurlington :
_bJones and Bartlett,
_c2019.
300 _avii,308 p. ; pbk
650 _abehaviour change
650 _asocial cognitive theory
942 _cTB
999 _c47575
_d47575